Sports Quiz

Random Sports or University Quiz
Score 0/20 Timer 07:00
0 Plays Today
Hint Answer % Correct
No. of Women's Varsity Sports10
99.1%
StateTennessee
98.4%
Team ColorWhite
96.3%
Team ColorOrange
95.9%
NicknameVolunteers
92.7%
Famous Alum: QB _______ ManningPeyton
91%
ConferenceSEC
90.7%
CityKnoxville
81.6%
Primary RivalAlabama
80.7%
Primary RivalFlorida
75.2%
Hint Answer % Correct
No. of Men's Varsity Sports8
74.5%
Sport w/ most NCAA ChampionshipsWomen's Basketball (8)
68.5%
Fight SongRocky Top
68.3%
Football StadiumNeyland Stadium
57.2%
MascotSmokey
55.9%
Basketball ArenaThompson–Boling Arena
53.1%
Athletic DirectorPhillip Fulmer
39.1%
Fight SongDown the Field
20%
Baseball StadiumLindsey Nelson Stadium
14.9%
Fight SongFight Vols, Fight
8.5%
Remove Ads.
Support Sporcle.
Get the best of Sporcle when you Go Orange. This ad-free experience offers more features, more stats, and more fun while also helping to support Sporcle. Thank you for becoming a member.

You're not logged in!

Compare scores with friends on all Sporcle quizzes.
OR
Log In

Show Comments

Extras

Top Quizzes Today


Score Distribution

Your Account Isn't Verified!

In order to create a playlist on Sporcle, you need to verify the email address you used during registration. Go to your Sporcle Settings to finish the process.

Report this User

Report this user for behavior that violates our Community Guidelines.

Details: